000 00373nam a22001457a 4500
020 _a8170089085
082 _222
_a620.004285
100 _aVaidyanathan B and Perumal P.
245 _aComprehensive structural analysis /
250 _a3rd.
260 _aNewDelhi,
_bLaxmi Publication,
_cc2009.
300 _a446 p. ;
_bill. ;
_c23 cm.
400 _aI
942 _2ddc
_cCIVIL
_018
999 _c535
_d535